000 00764nam a2200217 a 4500
001 000021831
005 20200930011451.0
008 100913s1969 dr 000 0 spa d
040 _aDO-SdBNP
_bspa
_cBNPHU
082 _a972.93
_bG463a
100 1 _aGil Díaz, Oscar
_925380
245 1 0 _aApuntes para la historia :
_bla naturaleza histórica de la sociedad dominicana /
_cOscar Gil Díaz.
260 _aSanto Domingo :
_bArte y Cine,
_c1969.
300 _a254 p. ;
_c22 cm.
500 _aLa biblioteca posee el v.1
590 _aInventariado, 2019/MFF
650 4 _aSociología histórica
_910967
651 4 _aRepública Dominicana
_xHistoria
_9170
651 4 _aRepública Dominicana
_xHistoriografía
_91457
910 _aValidado. Control de calidad, EMARRERO
999 _c21329
_d21329